|
|
|
|
| LEADER |
00929nam a2200265 a 4500 |
| 001 |
28609 |
| 003 |
BD-DhAAL |
| 005 |
20220608164534.0 |
| 008 |
141127r19951993enk 000 1 eng |
| 999 |
|
|
|c 33140
|d 33140
|
| 010 |
|
|
|a 95202912
|
| 020 |
|
|
|a 014017611X
|
| 040 |
|
|
|a DLC
|c DLC
|d BD-DhAAL
|
| 043 |
|
|
|a e-uk-st
|
| 050 |
0 |
0 |
|a PR6063.C315
|b I5 1995
|
| 082 |
0 |
0 |
|a 823/.914
|2 20
|
| 100 |
1 |
|
|a McCabe, Brian,
|d 1951-
|9 6267
|
| 245 |
1 |
0 |
|a In a dark room with a stranger /
|c Brian McCabe.
|
| 260 |
|
|
|a London :
|b Penguin Books,
|c 1995.
|
| 300 |
|
|
|a 199 p. ;
|c 20 cm.
|
| 541 |
|
|
|e 28609
|
| 651 |
|
0 |
|a Scotland
|x Social life and customs
|x Fiction.
|9 6268
|
| 852 |
|
|
|a BRAC Institute of Language (BIL)
|c General Stacks
|
| 942 |
|
|
|2 ddc
|c BK
|
| 952 |
|
|
|0 0
|1 0
|2 ddc
|4 0
|6 823_914000000000000_MCC
|7 0
|9 44240
|a BRACUL
|b BRACUL
|c GEN
|d 2014-11-27
|e BRAC Institute of Language (BIL)
|l 1
|m 12
|o 823.914 MCC
|p 3010028609
|r 2025-06-21
|s 2025-03-25
|t 1
|w 2014-11-27
|y BK
|